[Event "NOR-chB"]
[Site "Oslo"]
[Date "2023.07.08"]
[Round "9"]
[White "Hjornevik, Knut Jarle"]
[Black "Teigset, Markus"]
[Result "0-1"]
[WhiteElo "1674"]
[BlackElo "1662"]
[PlyCount "50"]
[EventDate "2023.06.30"]
[EventType "swiss"]
[EventRounds "9"]
[EventCountry "NOR"]
[SourceTitle "EXT 2024"]
[Source "ChessBase"]
[SourceDate "2023.10.10"]
[SourceVersion "1"]
[SourceVersionDate "2023.10.10"]
[SourceQuality "1"]

1. d4 Nf6 2. Nf3 g6 3. Nc3 d5 4. Bf4 Bg7 5. e3 0-0 6. Be2 Bd7 7. Ne5 c5 8. h4 Nc6 9. h5 cxd4 10. exd4 Qb6 11. Nxc6 bxc6 12. Na4 Qa5+ 13. c3 Ne4 14. f3 c5 15. Nxc5 Nxc5 16. b4 Qa3 17. bxc5 Qxc3+ 18. Bd2 Qxd4 19. Rc1 Ba4 20. Rc2 Rac8 21. Qc1 Bxc2 22. Qxc2 Rxc5 23. Qb3 Rfc8 24. hxg6 hxg6 25. Ba6 Qa1+ 0-1

[Event "Bergen Grand Prix"]
[Site "Bergen"]
[Date "2019.11.16"]
[Round "2"]
[White "Hjornevik, Knut Jarle"]
[Black "Kizatbay, Abyl"]
[Result "0-1"]
[WhiteElo "1807"]
[BlackElo "2113"]
[PlyCount "38"]
[EventDate "2019.11.15"]
[EventType "swiss"]
[EventRounds "5"]
[EventCountry "NOR"]
[SourceTitle "CBM 193 Extra"]
[Source "ChessBase"]
[SourceDate "2020.01.31"]
[SourceVersion "1"]
[SourceVersionDate "2020.01.31"]
[SourceQuality "1"]

1. d4 Nf6 2. c4 g6 3. Nc3 d5 4. Bf4 Bg7 5. e3 0-0 6. Nf3 c5 7. dxc5 Qa5 8. Rc1 Rd8 9. Nd2 dxc4 10. Bxc4 Na6 11. Qb3 Nxc5 12. Qb5 Qxb5 13. Nxb5 Bf5 14. Bxf7+ Kxf7 15. Rxc5 Rxd2 16. Kxd2 Ne4+ 17. Kc1 Nxc5 18. Nd4 Bxd4 19. exd4 Nd3+ 0-1

[Event "Helsingor Xtracon op"]
[Site "Helsingor"]
[Date "2018.07.26"]
[Round "7"]
[White "Hjornevik, Knut Jarle"]
[Black "Narheim, Mats"]
[Result "1-0"]
[WhiteElo "1860"]
[BlackElo "1544"]
[PlyCount "69"]
[EventDate "2018.07.21"]
[EventType "swiss"]
[EventRounds "10"]
[EventCountry "DEN"]
[SourceTitle "CBM 185 Extra"]
[Source "ChessBase"]
[SourceDate "2018.07.29"]
[SourceVersion "1"]
[SourceVersionDate "2018.07.29"]
[SourceQuality "1"]

1. d4 Nf6 2. c4 g6 3. Nc3 Bg7 4. e4 d6 5. h3 0-0 6. Bg5 Nc6 7. Nf3 Nd7 8. Qd2 f6 9. Bh6 e5 10. Bxg7 Kxg7 11. Be2 Ne7 12. dxe5 Nxe5 13. Nd4 N7c6 14. Nc2 Be6 15. Ne3 Ne7 16. f4 Nd7 17. g4 g5 18. Nf5+ Bxf5 19. exf5 h6 20. Nb5 Nc6 21. Bf3 Nc5 22. 0-0-0 a6 23. Nc3 Qd7 24. fxg5 hxg5 25. Bxc6 Qxc6 26. Nd5 Ne4 27. Qd4 Ng3 28. Rh2 Rae8 29. Qd3 Ne4 30. Kb1 Nc5 31. Qd2 Re4 32. h4 Rxg4 33. hxg5 Rxg5 34. Rdh1 Kf7 35. Rh7+ 1-0

[Event "Helsingor Xtracon op"]
[Site "Helsingor"]
[Date "2017.07.24"]
[Round "4"]
[White "Hjornevik, Knut Jarle"]
[Black "Eriksson, Christian Altenburg"]
[Result "1/2-1/2"]
[WhiteElo "1952"]
[BlackElo "2156"]
[PlyCount "89"]
[EventDate "2017.07.22"]
[EventType "swiss"]
[EventRounds "10"]
[EventCountry "DEN"]
[SourceTitle "CBM 179 Extra"]
[Source "ChessBase"]
[SourceDate "2017.08.23"]
[SourceVersion "1"]
[SourceVersionDate "2017.08.23"]
[SourceQuality "1"]

1. d4 Nf6 2. Bg5 d5 3. Bxf6 exf6 4. e3 Bd6 5. Bd3 c6 6. h3 Qb6 7. Qc1 Be6 8. Nf3 Nd7 9. Nbd2 0-0 10. 0-0 Qd8 11. c4 f5 12. c5 Bc7 13. Qc2 Qf6 14. b4 a6 15. Rfe1 g5 16. Kf1 g4 17. hxg4 fxg4 18. Ng1 Bg3 19. Re2 h5 20. Ke1 Bh2 21. Kf1 h4 22. f4 gxf3 23. gxf3 Bg3 24. Rg2 Kh8 25. Ke2 Rg8 26. Nb3 h3 27. Nxh3 Bc7 28. Rxg8+ Rxg8 29. Nf2 Rg2 30. Rh1+ Kg8 31. f4 Nf8 32. Kf1 Qg7 33. f5 Bd7 34. f6 Qg3 35. Bh7+ Nxh7 36. Qxh7+ Kf8 37. Qh6+ Ke8 38. Qh8+ Qg8 39. Qxg8+ Rxg8 40. Rh6 Bc8 41. Ke2 Kd7 42. e4 dxe4 43. Ke3 Rg3+ 44. Kxe4 Rg2 45. Kf3 1/2-1/2

[Event "Sandnes CC-ch A"]
[Site "Sandnes"]
[Date "2017.02.07"]
[Round "1"]
[White "Hjornevik, Knut Jarle"]
[Black "Okland, Sveinung"]
[Result "1-0"]
[WhiteElo "1920"]
[BlackElo "1847"]
[PlyCount "79"]
[EventDate "2017.02.07"]
[EventType "swiss"]
[EventRounds "7"]
[EventCountry "NOR"]
[SourceTitle "EXT 2024"]
[Source "ChessBase"]
[SourceDate "2023.10.10"]
[SourceVersion "1"]
[SourceVersionDate "2023.10.10"]
[SourceQuality "1"]

1. d4 d5 2. c4 Nc6 3. Nf3 Bg4 4. Nc3 e6 5. Bf4 Bb4 6. e3 Nf6 7. Rc1 0-0 8. a3 Bxc3+ 9. Rxc3 Qe7 10. Be2 Bxf3 11. Bxf3 e5 12. dxe5 Ne4 13. Bxe4 dxe4 14. Qc2 f5 15. exf6 Qxf6 16. Bxc7 Qg6 17. 0-0 Rf7 18. Bg3 Ne7 19. c5 Nf5 20. Rc4 Raf8 21. Qxe4 h5 22. c6 bxc6 23. Rxc6 Qg5 24. Bf4 Qh4 25. Qc4 Qe7 26. Rc7 Qf6 27. Rxf7 Rxf7 28. e4 Nh4 29. Bg3 Nf3+ 30. gxf3 h4 31. e5 Qxf3 32. Bxh4 Kh7 33. e6 Rf4 34. Qc2+ Kh6 35. Bg3 Re4 36. Qd2+ Kh5 37. Re1 Rxe1+ 38. Qxe1 Kg4 39. e7 Kh3 40. Qe6+ 1-0

[Event "Helsingor Xtracon op"]
[Site "Helsingor"]
[Date "2016.07.30"]
[Round "9"]
[White "Kaasen, Tor Fredrik"]
[Black "Hjornevik, Knut Jarle"]
[Result "1-0"]
[WhiteElo "2219"]
[BlackElo "1945"]
[PlyCount "49"]
[EventDate "2016.07.23"]
[EventType "swiss"]
[EventRounds "10"]
[EventCountry "DEN"]
[SourceTitle "CBM 173 Extra"]
[Source "ChessBase"]
[SourceDate "2016.08.29"]
[SourceVersion "1"]
[SourceVersionDate "2016.08.29"]
[SourceQuality "1"]

1. d4 e6 2. c4 Nf6 3. Nc3 Bb4 4. Qc2 0-0 5. Nf3 c5 6. dxc5 Qa5 7. Bd2 Na6 8. e3 Qc7 9. a3 Bxc5 10. Bd3 Be7 11. b4 b6 12. e4 d6 13. Nb5 Qd8 14. e5 dxe5 15. Nxe5 Bb7 16. 0-0-0 Nc7 17. Bf4 Nxb5 18. Bxh7+ Nxh7 19. Rxd8 Rfxd8 20. cxb5 Rd5 21. Nc6 Bf6 22. Rd1 Rc8 23. Rxd5 exd5 24. Qf5 a6 25. Qd7 1-0

[Event "Sandnes CC-ch A"]
[Site "Sandnes"]
[Date "2016.??.??"]
[Round "5"]
[White "Askari, Farhad"]
[Black "Hjornevik, Knut Jarle"]
[Result "0-1"]
[WhiteElo "1651"]
[BlackElo "1957"]
[PlyCount "86"]
[EventDate "2016.02.02"]
[EventType "tourn"]
[EventRounds "7"]
[EventCountry "NOR"]
[SourceTitle "EXT 2024"]
[Source "ChessBase"]
[SourceDate "2023.10.10"]
[SourceVersion "1"]
[SourceVersionDate "2023.10.10"]
[SourceQuality "1"]

1. c4 e6 2. Nc3 c5 3. e4 Nc6 4. Nf3 d6 5. g3 Nf6 6. Bg2 Be7 7. a3 0-0 8. 0-0 Bd7 9. Rb1 Rb8 10. b4 b6 11. Re1 Re8 12. h3 h6 13. d3 Qc8 14. Kh2 Rd8 15. Be3 Bf8 16. b5 Ne7 17. Qc1 Ng6 18. Qb2 e5 19. Ng1 Be7 20. Rf1 Rf8 21. Qd2 Kh7 22. Nce2 Ne8 23. f4 exf4 24. Nxf4 Nxf4 25. Bxf4 g5 26. Be3 Bf6 27. Rf2 Be6 28. Rbf1 Qd8 29. Ne2 Be5 30. Bf3 Ng7 31. Bg4 Bxg4 32. hxg4 Qd7 33. Kg2 Qxg4 34. Rxf7 Rxf7 35. Rxf7 Kg6 36. Rf3 Ne6 37. Qe1 h5 38. Qf1 h4 39. Kf2 hxg3+ 40. Nxg3 Bxg3+ 41. Rxg3 Rf8+ 42. Kg2 Qxg3+ 43. Kxg3 Rxf1 0-1

[Event "Sandnes CC-ch A"]
[Site "Sandnes"]
[Date "2016.??.??"]
[Round "2"]
[White "Hjornevik, Knut Jarle"]
[Black "Baldursson, Hrannar"]
[Result "0-1"]
[WhiteElo "1957"]
[BlackElo "2129"]
[PlyCount "48"]
[EventDate "2016.02.02"]
[EventType "tourn"]
[EventRounds "7"]
[EventCountry "NOR"]
[SourceTitle "EXT 2024"]
[Source "ChessBase"]
[SourceDate "2023.10.10"]
[SourceVersion "1"]
[SourceVersionDate "2023.10.10"]
[SourceQuality "1"]

1. e4 d6 2. d4 Nf6 3. Nc3 g6 4. f4 Bg7 5. Nf3 Bg4 6. h3 Bxf3 7. Qxf3 c6 8. Bc4 0-0 9. Bb3 Na6 10. Be3 e6 11. 0-0-0 d5 12. e5 Nd7 13. Ne2 c5 14. c3 b5 15. g4 b4 16. f5 bxc3 17. bxc3 cxd4 18. cxd4 Qa5 19. f6 Rfc8+ 20. Kb1 Bf8 21. h4 Rab8 22. h5 Rxb3+ 23. axb3 Rc2 24. Nc1 Qc3 0-1

[Event "NOR-ch Class1"]
[Site "Oslo"]
[Date "2015.07.09"]
[Round "7"]
[White "Hjornevik, Knut Jarle"]
[Black "Pedersen, Oyvind"]
[Result "1-0"]
[WhiteElo "1818"]
[BlackElo "1904"]
[PlyCount "81"]
[EventDate "2015.07.04"]
[EventType "swiss"]
[EventRounds "9"]
[EventCountry "NOR"]
[SourceTitle "EXT 2017"]
[Source "ChessBase"]
[SourceDate "2016.10.25"]
[SourceVersion "1"]
[SourceVersionDate "2016.10.25"]
[SourceQuality "1"]

1. d4 Nf6 2. c4 c5 3. d5 b5 4. Qc2 d6 5. e4 g6 6. Nf3 Bg7 7. Nc3 b4 8. Nd1 0-0 9. h3 Nbd7 10. Bd3 a5 11. 0-0 Nb6 12. Bf4 Bd7 13. Rb1 a4 14. b3 axb3 15. axb3 Qc8 16. Re1 Ra7 17. Ne3 Nh5 18. Bh2 Qc7 19. g4 Nf6 20. e5 Ne8 21. Nf1 e6 22. dxe6 fxe6 23. N1d2 Bc6 24. exd6 Nxd6 25. Rxe6 Nbc8 26. Ne5 Ba8 27. Be2 Rf6 28. Rxf6 Bxf6 29. Bf3 Qg7 30. Bxa8 Rxa8 31. Nef3 Nf7 32. Qe4 Ra2 33. Qc6 Ne7 34. Qxc5 h5 35. Qxb4 hxg4 36. hxg4 Nc6 37. Qb6 Nd4 38. Kg2 Ne2 39. Re1 Bd4 40. Qb8+ Kh7 41. Rxe2 1-0

[Event "NOR-ch Class1"]
[Site "Oslo"]
[Date "2015.07.07"]
[Round "5"]
[White "Hjornevik, Knut Jarle"]
[Black "Furnes, Torstein"]
[Result "1-0"]
[WhiteElo "1818"]
[BlackElo "1663"]
[PlyCount "97"]
[EventDate "2015.07.04"]
[EventType "swiss"]
[EventRounds "9"]
[EventCountry "NOR"]
[SourceTitle "EXT 2017"]
[Source "ChessBase"]
[SourceDate "2016.10.25"]
[SourceVersion "1"]
[SourceVersionDate "2016.10.25"]
[SourceQuality "1"]

1. d4 d5 2. c4 e6 3. Nc3 Nf6 4. cxd5 exd5 5. Bg5 Be7 6. e3 0-0 7. Bd3 c6 8. Nge2 Nbd7 9. Qc2 Re8 10. 0-0 Nf8 11. f3 Nh5 12. Bxe7 Qxe7 13. e4 dxe4 14. fxe4 Qg5 15. Kh1 Ng6 16. Bc4 Be6 17. Bxe6 Rxe6 18. Rf5 Qg4 19. Raf1 Nh4 20. R5f2 Rf6 21. e5 Rxf2 22. Rxf2 Rd8 23. Ne4 g6 24. h3 Qe6 25. g4 Ng7 26. Nf6+ Kh8 27. Qc1 Nhf5 28. gxf5 Nxf5 29. Rxf5 Qxf5 30. Qh6 g5 31. Kg2 Qd3 32. Kf2 Qf5+ 33. Ke3 c5 34. Nxh7 cxd4+ 35. Kd2 Qg6 36. Qxg6 fxg6 37. Nxg5 Rd5 38. Kd3 Kg7 39. Ke4 Rd7 40. Nxd4 Kh6 41. e6 Re7 42. h4 Kg7 43. Ke5 Re8 44. Nb5 a6 45. Nd6 Re7 46. h5 b5 47. h6+ Kxh6 48. Kf6 Ra7 49. Ngf7+ 1-0